00579nam a2200157Ia 4500008004000000082001500040100002200055245002700077260004800104300000800152650004700160690002200207906001200229999001900241952016100260210210b1997 xxu||||| |||| 00| 0 eng d a181.4 KRIW aKRISHNAMURTI (J). aWholeness of life, the aMadrasbKrishnamurti Foundation Indiac1997 a254 aJiddu Krishnamurthi The wholeness of life aIndian Philosophy aSG03369 c114345d114345 001040708PhilosophyaALbALcPhilosophyd2021-02-17eAthree Book Centre, Mangalore-01.g0.00l0o181.4 KRIWpSG03369r2021-02-17 00:00:00w2021-02-17ySG